Genetic parameters and heterosis in rubber (Hevea brasiliensis) Muell.Arg.V. Hybrid vigour for yield and yield components among the RRII 400 series clones in small scale evaluation (Record no. 47268)

MARC details
000 -LEADER
fixed length control field 00781nam a2200241Ia 4500
100 ## - MAIN ENTRY--AUTHOR NAME
Personal name Licy J
245 #0 - TITLE STATEMENT
Title Genetic parameters and heterosis in rubber (Hevea brasiliensis) Muell.Arg.V. Hybrid vigour for yield and yield components among the RRII 400 series clones in small scale evaluation
260 ## - PUBLICATION, DISTRIBUTION, ETC. (IMPRINT)
Name of publisher Indian Journal of Natural Rubber Research
Year of publication 2003
300 ## - PHYSICAL DESCRIPTION
Number of Pages 75-80
650 ## - SUBJECT ADDED ENTRY--TOPICAL TERM
Topical Term Clonal variation
650 ## - SUBJECT ADDED ENTRY--TOPICAL TERM
Topical Term Clonal variation
650 ## - SUBJECT ADDED ENTRY--TOPICAL TERM
Topical Term Hybrid clones
650 ## - SUBJECT ADDED ENTRY--TOPICAL TERM
Topical Term Hybrid clones
650 ## - SUBJECT ADDED ENTRY--TOPICAL TERM
Topical Term Standard heterosis
650 ## - SUBJECT ADDED ENTRY--TOPICAL TERM
Topical Term Standard heterosis
700 ## - ADDED ENTRY--PERSONAL NAME
Personal name Meenakumari T
700 ## - ADDED ENTRY--PERSONAL NAME
Personal name Meenatoor J R
700 ## - ADDED ENTRY--PERSONAL NAME
Personal name Nazeer M A
700 ## - ADDED ENTRY--PERSONAL NAME
Personal name Premakumari D
700 ## - ADDED ENTRY--PERSONAL NAME
Personal name Saraswathyamma C K
942 ## - ADDED ENTRY ELEMENTS (KOHA)
Koha item type Articles
Holdings
Withdrawn status Lost status Damaged status Not for loan Home library Current library Shelving location Date acquired Serial Enumeration / chronology Koha item type
      Articles RRII Library RRII Library Botany 20/12/2021 Volume 16, Issue 1&2 Articles